000 00166nam a2200073Ia 4500
008 170524s9999 xx 000 0 und d
100 _aVanAuken- brad
245 0 _aBranding
260 _bMUMBAI : JAICO
999 _c8532
_d8532